Państwa na "K" - Statystyki

Ogólne statystyki
  • Ten quiz został rozwiązany 135 razy
    134 od ostatniego zresetowania
  • Średni wynik to 12 z 17
Statystyki odpowiedzi
Państwo % Poprawnych
Kanada
83%
Kenia
80%
Kirgistan
80%
Korea Północna
79%
Korea Południowa
79%
Kolumbia
77%
Kosowo
75%
Kazachstan
74%
Kongo
72%
Kambodża
71%
Kostaryka
70%
Katar
69%
Kamerun
65%
Kiribati
62%
Kuwejt
62%
Komory
56%
Kuba
55%
Nie znaleziono quizów pasujących do podanych kryteriów
Rozkład punktacji
Procent ludzi z każdym wynikiem
Percentyl według liczby udzielonych odpowiedzi
Twoja historia wyników
Nie rozwiązałeś tego quizu od ostatniego zresetowania